Pro Sports Teams That Are Birds - Statistics

General Stats
  • This quiz has been taken 80 times
  • The average score is 10 of 12
Answer Stats
Answer % Correct
Arizona Cardinals
90%
St. Louis Cardinals
90%
Atlanta Falcons
85%
Philadelphia Eagles
85%
Atlanta Hawks
84%
Seattle Seahawks
84%
Baltimore Ravens
82%
Pittsburgh Penguins
81%
Toronto Blue Jays
81%
Baltimore Orioles
76%
Anaheim Ducks
69%
New Orleans Pelicans
66%
No matching quizzes found
Score Distribution
Percent of People with Each Score
Percentile by Number Answered
Your Score History
You have not taken this quiz